000 00858nam a2200169 i 4500
001 122729
003 ES-MaACL
005 20230906192031.0
007 t|
008 170707s1906 sp r ||||1| spa d
245 0 0 _aColección oficial de leyes, reales decretos, reales órdenes, circulares y resoluciones referentes al registro de la propiedad que se han dictado desde 1º de enero de 1892 hasta 31 de diciembre de 1895 /
_cformada por la Dirección General de los Registros Civil y de la Propiedad y del Notariado.
260 _a[S.l.] :
_b[s.n.],
_c1906 (
_eMadrid :
_fImp. de la Sucesora de M. Minuesa de los Ríos)
300 _aXIII, 937 p. ;
_c22 cm.
650 4 _aRegistro de la propiedad-
_zEspaña.
_916759
710 2 _aEspaña.
_bDirección General de los Registros Civil y de la Propiedad y del Notariado.
_9159704
852 _aES-MaACL
_jC-3225
999 _c122729
_d122729